000 01402cad a22002775a 4500
001 L158758
008 100521s2011 xxkd f s 000 0 eng d
035 _a(Sirsi) u158758
041 0 _aeng
050 0 4 _a331.281333 $2 18
110 2 _aRoyal Institution of Chartered Surveyors
_94900
240 0 4 _aThe RICS and Macdonald and Company salary survey
245 0 4 _aThe Macdonald and Company South Africa rewards and attitudes survey 2011
_h[electronic resource]
260 _aLondon
_bMacdonald and Company
_aLondon
_bRICS
_c2011
300 _a13p.
520 _aKey findings from the RICS and Macdonald and Company Rewards and Attitudes Survey 2011. There is 8.1% increase in basic salaries for the average property professional over the past 12 months. The recovery from the global recession is steady but slow. However, South Africa still boasts one of the strongest performances globally in the property sector in terms of earning and career satisfaction growth.
520 _aA full copy of the report is not available in the Library.
521 2 _aAdvanced
590 _aKA
650 2 4 _aRICS SALARY AND BENEFITS SURVEYS
651 4 _aSouth Africa
690 _aBusiness and management
710 2 _aMacdonald and Company
_93846
856 4 0 _uhttps://www.macdonaldandcompany.com/salary-surveys-south-africa
_zView the item free of charge at www.macdonaldandcompany.com
942 _n0
999 _c115491
_d115491